Masters Snooker Finalists - Statistics

General Stats
  • This quiz has been taken 566 times
    329 since last reset
  • The average score is 26 of 37
Answer Stats
Answer % Correct
Ronnie O'Sullivan
99%
Alex Higgins
97%
John Higgins
97%
Stephen Hendry
97%
Judd Trump
95%
Steve Davis
95%
Mark Williams
93%
Mark Selby
92%
Ding Junhui
91%
Neil Robertson
91%
Jimmy White
86%
Stuart Bingham
85%
Ray Reardon
84%
Shaun Murphy
84%
Dennis Taylor
80%
Ken Doherty
80%
Paul Hunter
78%
Matthew Stevens
77%
John Parrott
76%
Mark Allen
74%
Ali Carter
73%
John Spencer
73%
Cliff Thorburn
72%
Kyren Wilson
72%
Barry Hawkins
71%
Terry Griffiths
69%
Alan McManus
62%
Marco Fu
59%
Yan Bingtao
59%
Doug Mountjoy
54%
Perrie Mans
47%
Stephen Lee
45%
Joe Perry
33%
Mike Hallett
31%
James Wattana
30%
Fergal O'Brien
28%
Graham Miles
16%
No matching quizzes found
Score Distribution
Percent of People with Each Score
Percentile by Number Answered
Your Score History
You have not taken this quiz since the last reset